¿Qué es el hombre? : (Record no. 95746)

MARC details
000 -CABECERA
campo de control de longitud fija 00813cam a22002654a 4500
003 - IDENTIFICADOR DEL NÚMERO DE CONTROL
campo de control UPN
005 - FECHA Y HORA DE LA ÚLTIMA TRANSACCIÓN
campo de control 20240910064204.0
008 - ELEMENTOS DE LONGITUD FIJA--INFORMACIÓN GENERAL
campo de control de longitud fija 030402s2001 es r 000 0 spa d
020 ## - NÚMERO INTERNACIONAL NORMALIZADO PARA LIBROS
Número Internacional Estándar del Libro 8430604308
035 ## - NÚMERO DE CONTROL DEL SISTEMA
Número de control de sistema UPN01000123566
040 ## - FUENTE DE LA CATALOGACIÓN
Centro catalogador/agencia de origen UPN
Lengua de catalogación spa
Centro/agencia transcriptor UPN
049 ## - COLECCIÓN
Colección CG
050 #4 - SIGNATURA TOPOGRÁFICA DE LA BIBLIOTECA DEL CONGRESO
Número de clasificación BD450
Número de documento/Ítem F4.68
100 1# - ASIENTO PRINCIPAL--NOMBRE PERSONAL
Nombre de persona Ferry, Luc
9 (RLIN) 46725
245 11 - MENCIÓN DE TÍTULO
Título ¿Qué es el hombre? :
Resto del título sobre los fundamentos de la biología y la filosofía /
Mención de responsabilidad, etc. Luc Ferry, Jean-Didier Vincent ; tr. Irene Cifuentes.
260 ## - PUBLICACIÓN, DISTRIBUCIÓN, ETC.
Lugar de publicación, distribución, etc. [Madrid] :
Nombre del editor, distribuidor, etc. Taurus,
Fecha de publicación, distribución, etc. 2001.
300 ## - DESCRIPCIÓN FÍSICA
Extensión 327 p.
490 0# - MENCIÓN DE SERIE
Mención de serie Pensamiento
534 ## - NOTA SOBRE LA VERSIÓN ORIGINAL
Frase introductoria Título original:
Mención de título del original Qu'est-ce que l'homme?
650 #4 - ASIENTO SECUNDARIO DE MATERIA - TERMINO TEMATICO
Término de materia o nombre geográfico como elemento de entrada Antropología filosófica
9 (RLIN) 4784
650 #7 - ASIENTO SECUNDARIO DE MATERIA - TERMINO TEMATICO
Término de materia o nombre geográfico como elemento de entrada Biología
Subdivisión general Filosofía
Fuente del encabezamiento o término
9 (RLIN) 4535
700 1# - ASIENTO SECUNDARIO--NOMBRE DE PERSONAL
Nombre de persona Vincent, Jean-Didier
9 (RLIN) 46726
905 ## - TIPO DE MATERIAL
Tipo de material Libro
942 ## - ELEMENTOS DE PUNTO DE ACCESO ADICIONAL (KOHA)
Fuente del sistema de clasificación o colocación Library of Congress Classification
Tipo de ítem Koha Libro
Holdings
Estado de retiro Estado de pérdida Fuente del sistema de clasificación o colocación Estado dañado No para préstamo Código de colección Localización permanente Ubicación/localización actual Ubicación en estantería Fecha de adquisición Total de préstamos Clasificación Código de barras Fecha visto por última vez Tipo de ítem Koha
    Library of Congress Classification     Colección General Bib. Gregorio Torres Quintero Bib. Gregorio Torres Quintero Planta baja 08/02/2022 7 BD450 F4.68 207334 31/12/2020 Libro